Statistics for TV Shows by their Creators

Click here to take the quiz!

General Stats

  • This quiz has been taken 22 times
  • The average score is 7 of 24

Answer Stats

PersonTV Show% Correct
Seth MacFarlaneFamily Guy
70%
Marta Kauffman | David CraneFriends
70%
Tina Fey30 Rock
55%
Chuck Lorre | Bill PradyThe Big Bang Theory
55%
Matt GroeningThe Simpsons
55%
Vince GilliganBreaking Bad
40%
James Burrows | Glen Charles | Les CharlesCheers
40%
David Benioff | D. B. WeissGame of Thrones
40%
Shonda RhimesGrey's Anatomy
40%
William Hanna | Joseph BarberaThe Flintstones
40%
Ryan Murphy | Brad Falchuk | Ian BrennanGlee
30%
Lorne MichaelsSaturday Night Live
30%
Christopher Lloyd | Steven LevitanModern Family
20%
Greg DanielsThe Office
20%
Jeff FranklinFull House
15%
Carter Bays | Craig ThomasHow I Met Your Mother
15%
Lee Aronsohn | Chuck LorreTwo and a Half Men
15%
Justin Roiland | Dan HarmonRick and Morty
10%
David ChaseThe Sopranos
10%
Simon FullerAmerican Idol
5%
Beau WillimonHouse Of Cards
5%
Michael Berk | Douglas Schwartz | Gregory J. BonannBaywatch
0%
Neal MarlensGrowing Pains
0%
Linwood BoomerMalcolm in the Middle
0%

Score Distribution

Percentile by Number Answered

Percent of People with Each Score

Your Score History

You have not taken this quiz